Die normative Konstruktion von Gesellschaft
| Autor principal: | |
|---|---|
| Tipo de documento: | Print Libro |
| Lenguaje: | Alemán |
| Publicado: |
Tübingen
Mohr Siebeck
1980
|
| En: | Año: 1980 |
| Acceso en línea: |
Índice Índice |
| Disponibilidad en Tübingen: | Disponible en Tübingen. IFK: O II 202 |
| Verificar disponibilidad: | HBZ Gateway |
| Servicio de pedido Subito: | Pedir ahora. |
| Palabras clave: |
MARC
| LEADER | 00000cam a2200000 c 4500 | ||
|---|---|---|---|
| 001 | 023772425 | ||
| 003 | DE-627 | ||
| 005 | 20260206202236.0 | ||
| 007 | tu | ||
| 008 | 710101s1980 gw ||||| 00| ||ger c | ||
| 015 | |a 80,N27,0090 |2 dnb | ||
| 015 | |a 81,A19,0195 |2 dnb | ||
| 016 | 7 | |a 800029933 |2 DE-101 | |
| 020 | |a 3165431515 |9 3-16-543151-5 | ||
| 020 | |a 3165431523 |9 3-16-543152-3 | ||
| 035 | |a (DE-627)023772425 | ||
| 035 | |a (DE-603)022513493 | ||
| 035 | |a (DE-576)010081836 | ||
| 035 | |a (DE-599)GBV023772425 | ||
| 035 | |a (OCoLC)07989198 | ||
| 035 | |a (OCoLC)611746607 | ||
| 035 | |a (AT-OBV)AC00848788 | ||
| 035 | |a (DE-604)8010080058 | ||
| 040 | |a DE-627 |b ger |c DE-627 |e rakwb | ||
| 041 | |a ger | ||
| 044 | |c XA-DE | ||
| 082 | 0 | |a 306 |q OCLC | |
| 084 | |a S 180 |2 sfb | ||
| 084 | |a 05b |2 sdnb | ||
| 084 | |a 1 |2 ssgn | ||
| 084 | |a CC 7700 |2 rvk |0 (DE-625)rvk/17689: | ||
| 084 | |a MR 6200 |2 rvk |0 (DE-625)rvk/123530: | ||
| 084 | |a MR 1100 |2 rvk |0 (DE-625)rvk/123485: | ||
| 084 | |a MR 7300 |2 rvk |0 (DE-625)rvk/123541: | ||
| 084 | |2 rvk |0 (DE-625)rvk17689 | ||
| 084 | |a 71.51 |2 bkl | ||
| 100 | 1 | |a Popitz, Heinrich |d 1925-2002 |e VerfasserIn |0 (DE-588)118920413 |0 (DE-627)079697429 |0 (DE-576)162593260 |4 aut | |
| 109 | |a Popitz, Heinrich 1925-2002 | ||
| 245 | 1 | 4 | |a Die normative Konstruktion von Gesellschaft |c von Heinrich Popitz |
| 264 | 1 | |a Tübingen |b Mohr Siebeck |c 1980 | |
| 300 | |a VI, 92 Seiten |b Illustrationen |c 24 cm | ||
| 336 | |a Text |b txt |2 rdacontent | ||
| 337 | |a ohne Hilfsmittel zu benutzen |b n |2 rdamedia | ||
| 338 | |a Band |b nc |2 rdacarrier | ||
| 500 | |a Literaturangaben | ||
| 583 | 1 | |a Massenentsäuert |c 2017 |k DE-18 |2 pdager |5 DE-18-308 | |
| 583 | 1 | |a Archivierung/Langzeitarchivierung gewährleistet |f PEBW |x XA-DE-BW |2 pdager |5 DE-24 | |
| 583 | 1 | |a Archivierung/Langzeitarchivierung gewährleistet |f SSG |x XA-DE-BW |2 pdager |5 DE-21 | |
| 650 | 0 | 7 | |0 (DE-588)4132883-8 |0 (DE-627)105684287 |0 (DE-576)20963930X |a Soziale Norm |2 gnd |
| 650 | 4 | |a Soziale Norm | |
| 689 | 0 | 0 | |d s |0 (DE-588)4132883-8 |0 (DE-627)105684287 |0 (DE-576)20963930X |a Soziale Norm |2 gnd |
| 689 | 0 | |5 DE-101 | |
| 689 | 1 | 0 | |d s |0 (DE-588)4132883-8 |0 (DE-627)105684287 |0 (DE-576)20963930X |a Soziale Norm |2 gnd |
| 689 | 1 | |5 (DE-627) | |
| 856 | 4 | 2 | |u https://swbplus.bsz-bw.de/bsz010081836inh.htm |m B:DE-576;DE-352 |q application/pdf |v 20110606094306 |x Verlag |3 Inhaltsverzeichnis |7 1 |
| 856 | 4 | 2 | |u http://scans.hebis.de/HEBCGI/show.pl?02251349_toc.pdf |m V:DE-576;B:DE-352 |q application/pdf |3 Inhaltsverzeichnis |7 1 |
| 935 | |a mteo | ||
| 935 | |i Blocktest | ||
| 935 | |h HEB |i 0501 | ||
| 935 | |h HEB |i 0503 | ||
| 936 | r | v | |a CC 7700 |b Gesellschaftsphilosophie |k Philosophie |k Systematische Philosophie |k Rechts-, Gesellschafts- und Staatsphilosophie |k Gesellschaftsphilosophie |0 (DE-627)1270639161 |0 (DE-625)rvk/17689: |0 (DE-576)200639161 |
| 936 | r | v | |a MR 6200 |b Lerntheorien |k Soziologie |k Sozialwissenschaftliche Theorien und Methoden |k Psychologische Ansätze |k Lerntheorien |0 (DE-627)1271428288 |0 (DE-625)rvk/123530: |0 (DE-576)201428288 |
| 936 | r | v | |a MR 1100 |b Sozialwissenschaftliche Methodologie und Methodenkritik |k Soziologie |k Sozialwissenschaftliche Theorien und Methoden |k Wissenschaftstheorie und Erkenntnistheorie |k Sozialwissenschaftliche Methodologie und Methodenkritik |0 (DE-627)127142746X |0 (DE-625)rvk/123485: |0 (DE-576)20142746X |
| 936 | r | v | |a MR 7300 |b Soziale Normen, Leitbilder, Sanktionen, Institutionen |k Soziologie |k Sozialwissenschaftliche Theorien und Methoden |k Kulturelle Ansätze |k Soziale Normen, Leitbilder, Sanktionen, Institutionen |0 (DE-627)1270710818 |0 (DE-625)rvk/123541: |0 (DE-576)200710818 |
| 936 | r | v | |0 (DE-625)rvk17689 |
| 936 | b | k | |a 71.51 |j Werte |j Normen |x Soziologie |0 (DE-627)106418351 |
| 936 | s | n | |a c100 |2 mzub |
| 936 | s | n | |a m200 |2 mzub |
| 951 | |a BO | ||
| ELC | |b 1 | ||
| LOK | |0 000 xxxxxcx a22 zn 4500 | ||
| LOK | |0 001 3210351945 | ||
| LOK | |0 003 DE-627 | ||
| LOK | |0 004 023772425 | ||
| LOK | |0 005 20020607000000 | ||
| LOK | |0 008 930506||||||||||||||||ger||||||| | ||
| LOK | |0 040 |a DE-21-110 |c DE-627 |d DE-21-110 | ||
| LOK | |0 852 |a DE-21-110 | ||
| LOK | |0 852 1 |c O II 202 |m p |9 00 | ||
| LOK | |0 935 |a k110 | ||
| LOK | |0 936ln |a 7.1 | ||
| LOK | |0 938 |k p | ||
| LOK | |0 939 |a 06-05-93 |b l01 | ||
| ORI | |a SA-MARC-krimdoka001.raw | ||
| SIG | |a IFK: O II 202 | ||
